000 00347nam a22001337a 4500
008 170904b xxu||||| |||| 00| 0 eng d
020 _a067520653701
041 _aeng
080 _22ND
_a070
100 _a40
101 _aMED
245 _aASSESSMENT AND REMEDIATION OF ARTICULATORY AND PHONOLOGICAL DISORDERS
_cCREAGHEAD,N.A
942 _2udc
_cBK
999 _c25941
_d25941